【大手私鉄別】終電時刻が遅い駅TOP3 - Statistics

General Stats
  • This quiz has been taken 20 times
  • The average score is 15 of 58
Answer Stats
会社 駅名 時刻 種別 行き先 % Correct
小田急多摩センター 24:57 各駅停車 唐木田
55%
登戸 24:57 各駅停車 向ケ丘遊園
50%
小田急 豪徳寺 24:58 各駅停車 経堂
45%
百合ヶ丘 24:57 各駅停車 新百合ヶ丘
45%
相模大塚 24:59 各停 かしわ台
45%
川越 25:09 準急 川越市
40%
京王 北野 24:59 各停 京王八王子
40%
百草園 24:59 各停 高幡不動
40%
メトロ 北千住 24:48 各駅停車 松戸
40%
相鉄 さがみ野 25:01 各停 かしわ台
40%
枚方公園 24:27 普通 枚方市
40%
阪神 住吉 24:50 普通 御影
40%
魚崎 24:48 普通 御影
40%
元加治 24:50 準急 飯能
35%
稲城 24:57 各停 若葉台
35%
田奈 24:50 各停 長津田
35%
ゆめが丘 25:01 各停 湘南台
35%
愛宕 25:11 普通 七光台
30%
野田市 25:09 普通 七光台
30%
長沼 24:57 各停 京王八王子
30%
いずみ中央 24:59 各停 湘南台
30%
祇園四条 24:28 普通 三条
30%
阪急 相川 24:45 普通 正雀
30%
上新庄 24:44 普通 正雀
30%
淡路 24:41 普通 正雀
30%
東武 清水公園 25:13 普通 七光台
25%
西武 航空公園 24:56 準急 新所沢
25%
所沢 24:53 準急 新所沢
25%
聖蹟桜ヶ丘 24:57 各停 高幡不動
25%
宮前平 24:50 各停 鷺沼
25%
京急 能見台 24:44 普通 金沢文庫
25%
京急富岡 24:42 普通 金沢文庫
25%
杉田 24:40 普通 金沢文庫
25%
笠松 24:30 特急 名鉄岐阜
25%
南海 泉佐野 24:56 普通 羽倉崎
25%
青木 24:47 普通 御影
25%
京成 北初富 24:56 普通 くぬぎ山
20%
狭間 24:57 各停 高尾
20%
馬堀海岸 24:40 普通 浦賀
20%
代々木公園 24:47 各駅停車 代々木上原
20%
明治神宮前 24:45 各駅停車 各駅停車
20%
名鉄 犬山遊園 24:30 急行 新鵜沼
20%
新鎌ヶ谷 24:55 普通 くぬぎ山
15%
元山 24:54 普通 くぬぎ山
15%
鵠沼海岸 24:57 各駅停車 片瀬江ノ島
15%
住吉町 24:30 急行 知多半田
15%
近鉄 興戸 24:41 普通 新田辺
15%
三山木 24:39 普通 新田辺
15%
東林間 24:57 各駅停車 相模大野
10%
東急 宮崎台 24:49 各停 鷺沼
5%
前栽 24:38 普通 天理
5%
新今宮 24:55 普通 なんば
5%
井原里 24:54 普通 羽倉崎
5%
京阪 観月橋 24:28 普通 中書島
5%
西鉄 名島 24:36 貝塚
5%
西鉄千早 24:33 貝塚
5%
香椎宮前 24:32 貝塚
5%
宮之阪 24:27 普通 枚方市
0%
No matching quizzes found
Score Distribution
Percent of People with Each Score
Percentile by Number Answered
Your Score History
You have not taken this quiz